| 000 | 00772nam a2200217Ia 4500 | ||
|---|---|---|---|
| 003 | GCL | ||
| 005 | 20240530104618.0 | ||
| 008 | 140319s9999 xx 000 0 ara d | ||
| 040 |
_aGCL / _cGCL |
||
| 082 | 0 | 4 |
_a360 _bع ا |
| 100 | 1 | _aعبدالهادى الجوهرى | |
| 245 | 1 | 0 |
_aادارة المؤسسات الاجتماعية: مدخل سوسيولوجى / _cعبدالهادى الجوهرى |
| 300 | _a386 ص | ||
| 490 |
_aالهيئة العامة للاستعلامات _v0 |
||
| 650 | 0 | 4 | _aالاجتماع |
| 650 | 0 | 4 | _aالمؤسسات الاجتماعية |
| 650 | 0 | 4 | _aالمؤسسات الاجتماعية - ادارة |
| 650 | 0 | 4 | _aالخدمة الاجتماعية - مؤسسات |
| 700 | 1 | _aابراهيم ابوالفار | |
| 942 |
_2ddc _cBK |
||
| 999 |
_c49188 _d49188 |
||